<?xml version="1.0" encoding="UTF-8"?><?xml-stylesheet type="text/xsl" href="static/style.xsl"?><OAI-PMH xmlns="http://www.openarchives.org/OAI/2.0/" xmlns:xsi="http://www.w3.org/2001/XMLSchema-instance" xsi:schemaLocation="http://www.openarchives.org/OAI/2.0/ http://www.openarchives.org/OAI/2.0/OAI-PMH.xsd"><responseDate>2026-04-17T17:05:40Z</responseDate><request verb="GetRecord" identifier="oai:www.recercat.cat:10230/48901" metadataPrefix="marc">https://recercat.cat/oai/request</request><GetRecord><record><header><identifier>oai:recercat.cat:10230/48901</identifier><datestamp>2025-12-19T22:58:09Z</datestamp><setSpec>com_2072_6</setSpec><setSpec>col_2072_452952</setSpec></header><metadata><record xmlns="http://www.loc.gov/MARC21/slim" xmlns:dcterms="http://purl.org/dc/terms/" xmlns:xsi="http://www.w3.org/2001/XMLSchema-instance" xmlns:doc="http://www.lyncode.com/xoai" xsi:schemaLocation="http://www.loc.gov/MARC21/slim http://www.loc.gov/standards/marcxml/schema/MARC21slim.xsd">
   <leader>00925njm 22002777a 4500</leader>
   <datafield ind2=" " ind1=" " tag="042">
      <subfield code="a">dc</subfield>
   </datafield>
   <datafield ind2=" " ind1=" " tag="720">
      <subfield code="a">Porcaro, Lorenzo</subfield>
      <subfield code="e">author</subfield>
   </datafield>
   <datafield ind2=" " ind1=" " tag="720">
      <subfield code="a">Castillo, Carlos</subfield>
      <subfield code="e">author</subfield>
   </datafield>
   <datafield ind2=" " ind1=" " tag="720">
      <subfield code="a">Gómez Gutiérrez, Emilia, 1975-</subfield>
      <subfield code="e">author</subfield>
   </datafield>
   <datafield ind2=" " ind1=" " tag="260">
      <subfield code="c">2021-11-04T07:52:14Z</subfield>
   </datafield>
   <datafield ind2=" " ind1=" " tag="260">
      <subfield code="c">2021-11-04T07:52:14Z</subfield>
   </datafield>
   <datafield ind2=" " ind1=" " tag="260">
      <subfield code="c">2021</subfield>
   </datafield>
   <datafield ind2=" " ind1=" " tag="520">
      <subfield code="a">Music Recommender Systems (Music RS) are nowadays pivotal in shaping the listening experience of people all around the world. Partly driven by the commercial application of this technology, music recommendation research has gained increasing attention both within and outside the Music Information Retrieval (MIR) community. Thanks also to the widespread use of recommender systems in music streaming services, it has been possible to enhance several characteristics of such systems in terms of performance, design, and user experience. Nonetheless, imagining Music RS only from an application-driven perspective may generate an incomplete view of how this technology is affecting people’s habitus, from the decision-making processes to the formation of musical taste and opinions. In this overview, we address the concept of diversity in music recommendation, and taking a value-driven approach we review diversity-related methodologies proposed in the Music RS literature. Additionally, by taking as an example the wider context of Information Technology (IT), we present the elements interacting in the diversity by design paradigm. We do that to acknowledge the lack of a comprehensive framework in Music RS research to address diversity, until now mostly driven by empirical results and fragmented in different application areas. Maintaining an interdisciplinary perspective, we discuss some challenges that MIR practitioners may face when researching Music RS, going beyond the search for better performance and instead questioning the theoretical foundations on which to base future research.</subfield>
   </datafield>
   <datafield ind2=" " ind1=" " tag="520">
      <subfield code="a">This work is partially supported by the European Commission under the TROMPA project (H2020 – grant agreement No. 770376).&#xd;
&#xd;
This work is also partially supported by the HUMAINT programme (Human Behaviour and Machine Intelligence), Joint Research Centre, European Commission.&#xd;
&#xd;
The project leading to these results received funding from “la Caixa” Foundation (ID 100010434), under the agreement LCF/PR/PR16/51110009.</subfield>
   </datafield>
   <datafield tag="653" ind2=" " ind1=" ">
      <subfield code="a">Music Recommender Systems</subfield>
   </datafield>
   <datafield tag="653" ind2=" " ind1=" ">
      <subfield code="a">Diversity</subfield>
   </datafield>
   <datafield tag="653" ind2=" " ind1=" ">
      <subfield code="a">Information Technology</subfield>
   </datafield>
   <datafield ind2="0" ind1="0" tag="245">
      <subfield code="a">Diversity by design in music recommender systems</subfield>
   </datafield>
</record></metadata></record></GetRecord></OAI-PMH>